| 000 | 01029cam a2200289 4500 | ||
|---|---|---|---|
| 001 | 763451 | ||
| 005 | 19910618124537.8 | ||
| 008 | 690625s1969 nyu 001 0 eng | ||
| 010 | _a 69016915 | ||
| 040 |
_aDLC _cDLC _dDLC |
||
| 041 | 1 | _aengger | |
| 050 | 0 | 0 |
_aDD259.4 _b.M2713 |
| 082 | 0 | 0 |
_a327.43 _220 _bMAJ |
| 100 | 1 |
_aMajonica, Ernst. _910718 |
|
| 240 | 1 | 0 |
_aDeutsche Aussenpolitik. _lEnglish |
| 245 | 1 | 0 |
_aEast-West relations: _ba German view / _cErnst Majonica. |
| 260 |
_aNew York: _bFrederick Praeger, _cc.[1969]. |
||
| 300 |
_axii, 240 p. _c22 cm. |
||
| 500 | _aTranslation of Deutsche Aussenpolitik. | ||
| 500 | _aIncludes Index. | ||
| 500 | _aDonations. | ||
| 500 | _aDonated By: Alaa Abdel Ghaney. | ||
| 650 | 0 |
_aGerman reunification question (1949-1990) _910719 |
|
| 651 | 0 |
_aGermany (West) _xForeign relations. _910720 |
|
| 942 |
_2ddc _cBB |
||
| 999 |
_c13222 _d13222 |
||